000 00895cam a2200289 i 4500
001 200466627
003 TR-AnTOB
005 20251223144459.0
007 ta
008 251223s2019 tu a|||j |||| 00| 0 tur d
020 _a9786057991201
040 _aTR-AnTOB
_beng
_erda
_cTR-AnTOB
041 0 _atur
050 1 4 _aQ163
_b.N55 2019
090 _aJUN Q163
_b.N55 2019
100 1 _aNil, Ayşe
_eauthor
_9151200
245 1 0 _aTuhaflıklar dünyası /
_cyazar Ayşe Nil ; çizer İrem Güneş ; editör Doç. Dr. M. Sencer Çorlu.
264 1 _aİstanbul :
_bBAU STEM,
_c2019.
300 _a24 pages :
_billustrations ;
_c29 cm
336 _atext
_btxt
_2rdacontent
337 _aunmediated
_bn
_2rdamedia
338 _avolume
_bnc
_2rdacarrier
700 1 _aGüneş, İrem
_eillustrator
_9151201
700 1 _aÇorlu, M. Sencer
_eeditor
_9151202
942 _2lcc
_cBK
999 _c200466627
_d84839